00695nam a2200253 a 4500001001500000003000700015005001800022008004100040020000500081022000500086040001000091082000800101245004100109250001200150260003000162300001100192500000600203100002200209700000700231942000700238653008700245952009200332999001700424adlib96000001 ViArRB200902210153555.7960221s1955 dcuabcdjdbkoqu001 0deng d a a aAdlib a547 aRodd's chemistry of carbon compounds a2nd ed. aAmsterdambElsevierc1978 aV.1Dc a  aRodd, E Heed. by aa cBK aPhysical organic chemistryaOrganic chemistryaOrganic reactionsaCarbon compounds 00104070aULbULcSCd2010-06-16l0o547 ROD.1Dp00014598r2010-06-16w2010-06-16yBK c15507d15506